Hướng dẫn chi tiết và thi hành luật giáo dục quy định mới về trách nhiệm quản lý, đổi mới và phát triển của nhà nước đối với ngành giáo dục
Luật giáo dục (sửa đổi, bổ sung) và quy định chi tiết mới nhất hướng dẫn thi hành; Quy định mới về trách nhiệm quản lý, đổi mới và phát triển của nhà nước đối với ngành giáo dục; Quy định mới nhất về công tác tổ chức và quản lý nhà trường; Quy định mới nhất về quản lý chất lượng dạy và học......
Gespeichert in:
| Weitere Verfasser: | , |
|---|---|
| Format: | Buch |
| Sprache: | Vietnamese |
| Veröffentlicht: |
Tp.HCM
Lao động
2011
|
| Schlagworte: | |
| Tags: |
Tag hinzufügen
Keine Tags, Fügen Sie den ersten Tag hinzu!
|
| Thư viện lưu trữ: | Mạng thư viện Đại học Đà Nẵng |
|---|
| LEADER | 01988nam a2200373 4500 | ||
|---|---|---|---|
| 001 | 000019247 | ||
| 003 | 15682 | ||
| 005 | 20140404150450.0 | ||
| 008 | 140404s2011 viesd | ||
| 020 | |c 325000 | ||
| 041 | 0 | |a vie | |
| 082 | 1 | 4 | |a 344.59707 |b Hươ |
| 245 | 0 | 0 | |a Hướng dẫn chi tiết và thi hành luật giáo dục quy định mới về trách nhiệm quản lý, đổi mới và phát triển của nhà nước đối với ngành giáo dục |c Quý Long, Kim Thư sưu tầm và hệ thống hóa |
| 246 | |a Hướng dẫn chi tiết và thi hành luật giáo dục qui định mới về trách nhiệm quản lí, đổi mới và phát triển của nhà nước đối với ngành giáo dục | ||
| 260 | |a Tp.HCM |b Lao động |c 2011 | ||
| 300 | |a 495 tr. |c 28 cm. | ||
| 520 | 3 | |a Luật giáo dục (sửa đổi, bổ sung) và quy định chi tiết mới nhất hướng dẫn thi hành; Quy định mới về trách nhiệm quản lý, đổi mới và phát triển của nhà nước đối với ngành giáo dục; Quy định mới nhất về công tác tổ chức và quản lý nhà trường; Quy định mới nhất về quản lý chất lượng dạy và học... | |
| 650 | 0 | 4 | |a Giáo dục |x Luật pháp |z Việt Nam |
| 653 | |a Trường học | ||
| 653 | |a Giáo dục Việt Nam | ||
| 653 | |a Qui định | ||
| 653 | |a Trách nhiệm quản lí | ||
| 700 | 1 | |a Quý Long |e sưu tầm và hệ thống hóa | |
| 700 | 1 | |a Kim Thư |e sưu tầm và hệ thống hóa | |
| OWN | |a LSP | ||
| AVA | |a UDN50 |b LSP |d 344.59707 Hươ |e available |t Error 5001 Not defined in file expand_doc_bib_avail. |f 4 |g 0 |h N |i 0 |k 1 | ||
| 999 | |a From the UDN01 | ||
| AVA | |a UDN50 |b LSP |d 344.59707 Hươ |e available |t Error 5001 Not defined in file expand_doc_bib_avail. |f 4 |g 0 |h N |i 0 |k 1 | ||
| TYP | |a Monograph | ||
| TYP | |a Printed language | ||
| 980 | |a Mạng thư viện Đại học Đà Nẵng | ||